|
|
|
|
| LEADER |
00000cam a2200000 7i4500 |
| 001 |
0000002139 |
| 005 |
20151113.0 |
| 040 |
|
|
|a INS
|
| 090 |
0 |
0 |
|a TH245.M3
|b U92 1988
|
| 100 |
1 |
|
|a Uzairi Haji Saidin
|
| 245 |
1 |
0 |
|a Aturcara kontrak dan taksiran
|c Uzairi Haji Saidin
|
| 260 |
|
|
|a Petaling Jaya :
|b IBS Buku ,
|c 1988
|
| 300 |
|
|
|a ix :
|b 96p :
|b ill. ;
|c 21cm.
|
| 650 |
0 |
0 |
|a Building materials
|x Contracts and specification
|
| 650 |
0 |
0 |
|a Building
|x Contracts and specification
|
| 999 |
|
|
|a 0000003571
|b BOOK
|c Open Shelf
|e Default branch
|
| 999 |
|
|
|a 0000021950
|b BOOK
|c Open Shelf
|e Default branch
|
| 999 |
|
|
|a 0000022727
|b BOOK
|c Open Shelf
|e Default branch
|